|
|
|
|
| LEADER |
00000nas a22000007i 4500 |
| 001 |
ssj0004195 |
| 003 |
WaSeSS |
| 005 |
20200512172242.0 |
| 006 |
m d |
| 007 |
cr n |
| 008 |
010813c19869999pauqr p s g 0 a0eng |
| 010 |
|
|
|a 2018241139
|
| 022 |
|
|
|a 2640-9488
|l 0890-4898
|y 0890-4898
|
| 035 |
|
|
|a (WaSeSS)ssj0004195
|
| 037 |
|
|
|b ALI-ABA Committee on Continuing Professional Education, 4025 Chestnut St., Philadelphia, PA 19104
|
| 040 |
|
|
|a AU@
|b eng
|c AU@
|d TXJ
|d QE2
|d OCLCQ
|d OCLCF
|d OCLCO
|d OCLCA
|d OCLCQ
|d OCLCO
|d UAB
|d LND
|d OCLCE
|d Z5A
|d ZAC
|d VT2
|d BUF
|d OCLCO
|d OCL
|d OCLCQ
|d XMC
|d DLC
|d WaSeSS
|
| 042 |
|
|
|a pcc
|a nsdp
|
| 043 |
|
|
|a n-us---
|
| 050 |
1 |
4 |
|a K16
|b .R225
|
| 082 |
0 |
4 |
|a 343.7304/05
|a 347.303405
|2 19
|
| 210 |
0 |
|
|a Pract. tax lawyer
|b (Online)
|
| 222 |
|
4 |
|a The Practical tax lawyer
|b (Online)
|
| 245 |
0 |
4 |
|a The practical tax lawyer
|h [electronic resource].
|
| 260 |
|
|
|a Philadelphia, Pa. :
|b Published by the American Law Institute CLE.
|
| 310 |
|
|
|a Quarterly
|
| 362 |
1 |
|
|a Print bagen with: Vol. 1, no. 2 (Fall 1986)
|
| 506 |
|
|
|a License restrictions may limit access.
|
| 588 |
|
|
|a Description based on: Volume 33, number 1 (Fall 2018); title from caption (ALI-CLE website, viewed on Decmeber 14, 2018).
|
| 588 |
|
|
|a Latest issue consulted: Volume 33, number 1 (Fall 2018) (viewed on December 14, 2018).
|
| 650 |
|
0 |
|a Taxation
|x Law and legislation
|z United States
|v Periodicals.
|
| 650 |
|
7 |
|a Taxation
|x Law and legislation.
|2 fast
|0 (OCoLC)fst01143921
|
| 651 |
|
7 |
|a United States.
|2 fast
|0 (OCoLC)fst01204155
|
| 655 |
|
0 |
|a Electronic journals.
|
| 710 |
2 |
|
|a American Law Institute-American Bar Association Committee on Continuing Professional Education.
|
| 710 |
2 |
|
|a American Bar Association.
|b Section of Taxation.
|
| 773 |
0 |
|
|t ProQuest 5000 International
|
| 776 |
0 |
8 |
|i Print version:
|t Practical tax lawyer
|x 0890-4898
|w (DLC) 87654141
|w (OCoLC)14055760
|
| 830 |
|
0 |
|a ProQuest electronic collection.
|
| 856 |
4 |
0 |
|z Full text available from Research Library: 10/01/1991 to present
|u https://search.proquest.com/publication/30592
|